000 00687nam a22002057a 4500
003 OSt
005 20260220061908.0
008 260220b |||||||| |||| 00| 0 eng d
020 _a9780736068291
040 _aDWCL-Main Lib
_cOC
082 _aProf. 372.86 W426 2008
100 _aWeiss, Howie
245 _aFun, fitness, and skills : the powerful original games approach
260 _aChampaign, 1L. :
_bHuman Kinetics,
_cc2008.
300 _axv, 175 pages :
_billustrations ;
_c23 cm.
650 _aGroup games.
650 _aPhysical education and training - study and teaching.
650 _aPhysical fitness for children - study and teaching.
942 _2ddc
_cPROF.
_mProf.
_n0
999 _c8470
_d8470